Reinventing Brantford : (Record no. 914)

000 -LEADER
fixed length control field 01269cam a22003377a 4500
003 - CONTROL NUMBER IDENTIFIER
control field OSt
005 - DATE AND TIME OF LATEST TRANSACTION
control field 20210622084350.0
008 - FIXED-LENGTH DATA ELEMENTS--GENERAL INFORMATION
fixed length control field 100203s2009 onca b 001 0 eng
020 ## - INTERNATIONAL STANDARD BOOK NUMBER
International Standard Book Number 9781554884599 (pbk.)
040 ## - CATALOGING SOURCE
Transcribing agency NLC
042 ## - AUTHENTICATION CODE
Authentication code lccopycat
043 ## - GEOGRAPHIC AREA CODE
Geographic area code n-cn-on
050 00 - LIBRARY OF CONGRESS CALL NUMBER
Classification number HT178.C22
Item number B73 2009
100 1# - MAIN ENTRY--PERSONAL NAME
Personal name Groarke, Leo,
Dates associated with a name 1953-
245 10 - TITLE STATEMENT
Title Reinventing Brantford :
Remainder of title a university comes downtown /
Statement of responsibility, etc. Leo Groarke ; Foreword by William Humber.
260 ## - PUBLICATION, DISTRIBUTION, ETC.
Place of publication, distribution, etc. Toronto :
Name of publisher, distributor, etc. Dundurn Press,
Date of publication, distribution, etc. 2009.
300 ## - PHYSICAL DESCRIPTION
Extent 284 p. :
Other physical details ill. ;
Dimensions 23 cm.
504 ## - BIBLIOGRAPHY, ETC. NOTE
Bibliography, etc. note Includes bibliographical references and index.
650 #0 - SUBJECT ADDED ENTRY--TOPICAL TERM
Topical term or geographic name entry element Urban renewal
Geographic subdivision Ontario
-- Brantford
General subdivision History.
650 #0 - SUBJECT ADDED ENTRY--TOPICAL TERM
Topical term or geographic name entry element Central business districts
Geographic subdivision Ontario
-- Brantford
General subdivision History.
650 #0 - SUBJECT ADDED ENTRY--TOPICAL TERM
Topical term or geographic name entry element Central business districts
General subdivision Conservation and restoration
Geographic subdivision Ontario
-- Brantford.
906 ## - LOCAL DATA ELEMENT F, LDF (RLIN)
a 7
b cbc
c copycat
d 3
e ncip
f 20
g y-gencatlg
942 ## - ADDED ENTRY ELEMENTS (KOHA)
Source of classification or shelving scheme
Koha item type Book
Suppress in OPAC SO
Holdings
Withdrawn status Lost status Source of classification or shelving scheme Damaged status Not for loan Permanent Location Current Location Shelving location Date acquired Total Checkouts Full call number Barcode Date last seen Price effective from Koha item type Public note
          AU LIBRARY AU LIBRARY Open Shelf 22.06.2021   HT178.C22 B73 2009 28000960 22.06.2021 22.06.2021 Book SO

Powered by Koha